000 00295nam a22001337a 4500
008 190225b xxu||||| |||| 00| 0 eng d
020 _a0139709630
041 _aeng
080 _22nd
_a371
100 _a25
101 _aEDU
245 _aWriting in the Disciplines
_cKennedy
942 _2udc
_cBK
999 _c54210
_d54210